Loading...
| Science - Other Science | 0 | 5 | 0 | 0 | 50 | 39 | 55.60 | 2 | 4 |
| Literature - World Literature | 0 | 5 | 0 | 0 | 50 | 61 | 94.20 | 2 | 5 |
| Science - Chemistry | 0 | 4 | 0 | 0 | 40 | 57 | 78.25 | 3 | 4 |
| Science - Physics | 0 | 4 | 0 | 0 | 40 | 29 | 58.00 | 3 | 4 |
| Social Science | 0 | 3 | 1 | 0 | 25 | 72 | 85.67 | 2 | 3 |
| Fine Arts - Other Fine Arts | 0 | 3 | 1 | 0 | 25 | 79 | 104.00 | 1 | 3 |
| Fine Arts - Painting and Sculpture | 0 | 2 | 0 | 0 | 20 | 71 | 74.00 | 2 | 2 |
| Mythology | 0 | 1 | 0 | 0 | 10 | 112 | 112.00 | 0 | 1 |
| Geography | 0 | 1 | 0 | 0 | 10 | 91 | 91.00 | 0 | 1 |
| Literature - European Literature | 0 | 1 | 0 | 1 | 10 | 72 | 72.00 | 1 | 1 |
| Fine Arts - Classical Music | 0 | 1 | 0 | 0 | 10 | 101 | 101.00 | 0 | 1 |
| Philosophy | 0 | 1 | 0 | 0 | 10 | 56 | 56.00 | 0 | 1 |
| Literature - British Literature | 0 | 1 | 1 | 0 | 5 | 112 | 112.00 | 1 | 1 |
| Literature - American Literature | 0 | 1 | 1 | 0 | 5 | 106 | 106.00 | 1 | 1 |
| Science - Biology | 0 | 0 | 1 | 0 | -5 | 0.00 | 0 | 0 | |
| Religion | 0 | 0 | 1 | 0 | -5 | 0.00 | 0 | 0 |